Open Data Biblioteca Nacional de Portugal


República Portuguesa: Ministério da Cultura
Biblioteca Nacional de Portugal

Catálogo da BNP: acesso por Identificadores Unívocos
Registos Bibliográficos associados ao registo de autoridade

Etiqueta de registo: 00254nkm 2200109 450
001 1334116
003 http://id.bnportugal.gov.pt/bib/catbnp/1334116
100 ## $a20051022d1984 am y0pory0103 ba
101 0# $apor
102 ## $aPT
200 1# $aComemoração do feriado municipal e do 624º aniversário do nascimento, nesta vila, do Condestável D. Nuno Álvares Pereira$bVisual gráfico]$fBombeiros Voluntários de Cernache do Bonjardim
210 #9 $aCernache do Bonjardim$cB.V.,$d1984$eSertã:$gGráf. Sto Amaro)
215 ## $a1 cartaz$ccolor.$d42,5x30 cm
675 ## $a766(=1:469)"198"(084.5)$vBN$zpor$31302430
675 ## $a394.2(469.331)"1984"(084.5)$vBN$zpor$31214826
710 02 $aBombeiros Voluntários de Cernache do Bonjardim$31214822
801 #0 $aPT$bBN$gRPC
966 ## $lBN$mICONOG$sCT. 1838 V.$x0
997 ## $aBIBEOD

Etiqueta de registo: 00254nkm 2200109 450
001 1384655
003 http://id.bnportugal.gov.pt/bib/catbnp/1384655
100 ## $a20061031d1985 am y0pory0103 ba
101 0# $apor
102 ## $aPT
200 1# $aInserido nas comemorações do 625º aniversário do nascimento nesta vila, do Condestável D. Nuno Álvares Pereira$bVisual gráfico]$fBombeiros Voluntários de Cernache do Bonjardim
210 #9 $aCernache do Bonjardim$cB.V.,$d1985$eSertã:$gGráf. Santo Amaro)
215 ## $a1 cartaz$ccolor.$d42x29 cm
675 ## $a394.2(469.331)"1985"(084.5)$vBN$zpor$31257591
675 ## $a766(=1:469)"198"(084.5)$vBN$zpor$31302430
710 02 $aBombeiros Voluntários de Cernache do Bonjardim$31214822
801 #0 $aPT$bBN$gRPC
966 ## $lBN$mICONOG$sCT. 2574 V.$x0
997 ## $aBIBEOD

Etiqueta de registo: 00254nkm 2200109 450
001 2055563
003 http://id.bnportugal.gov.pt/bib/catbnp/2055563
100 ## $a20200925d1984 am y0pora0103 ba
101 0# $apor
102 ## $aPT
200 1# $aBombeiros Voluntários de Cernache do Bomjardim$bVisual gráfico]$eprograma
210 #9 $aCernache do Bomjardim$cBombeiros Voluntários ,$d1984$eSertã:$gGráfica Santo Amaro)
215 ## $a1 cartaz$cazul e branco$d30,5x21,5 cm
675 ## $a394.2(469.331)"1984"(084.5)$vBN$zpor$31214826
675 ## $a766(=1:469)"198"(084.5)$vBN$zpor$31302430
710 02 $aBombeiros Voluntários de Cernache do Bonjardim$31214822
801 #0 $aPT$bBN$gRPC
966 ## $lBN$mICONOG$sCT. 2800 P.$x1

Etiqueta de registo: 00254nkm 2200109 450
001 2066697
003 http://id.bnportugal.gov.pt/bib/catbnp/2066697
100 ## $a20210416d1985 am y0pory0103 ba
101 0# $apor
102 ## $aPT
200 1# $aBaile com o conjunto ...$bVisual gráfico]$fBombeiros Voluntários de Cernache do Bonjardim
210 #9 $aCernache do Bonjardim$cBombeiros Voluntários,$dimp. 1985$eSertã :$gGráfica Santo Amaro)
215 ## $a1 cartaz$cpreto sobre papel laranja$d22,2x33,3 cm
307 ## $aNão il.
307 ## $aCartaz composto por espaços em branco para posterior preenchimento
675 ## $a793.3(469.331)"1985"(084.5)$vBN$zpor$31240549
675 ## $a766(=1:469)"198"(084.5)$vBN$zpor$31302430
710 02 $aBombeiros Voluntários de Cernache do Bonjardim$31214822
801 #0 $aPT$bBN$gRPC
966 ## $lBN$mICONOG$sCT. 3131 P.$x1

Etiqueta de registo: 00000nkm 2200025 450
001 2251641
003 http://id.bnportugal.gov.pt/bib/catbnp/2251641
100 ## $a20260120d1994 m y0pory01030103ba
101 0# $apor
102 ## $aPT
200 1# $aSuper espectáculo de baile e passagem de modelos, Cernache do Bonjardim (Sertã), 16 de abril de 1994 $bVisual gráfico]$fVozes de Portugal
210 #9 $aCernache do Bonjardim (Sertã)$cVozes de Portugal,$d1994$eSertã:$gGráfica Santo Amaro)
215 ## $a1 cartaz$ccolor.$d61x42,1 cm
675 ## $a766(=1:469)"199"(084.5)$vBN$zpor$3589138
710 01 $aVozes de Portugal,$eMontemor-o-Novo$31980215
711 02 $aBombeiros Voluntários de Cernache do Bonjardim$31214822
801 #0 $aPT$bBN$gRPC
966 ## $lBN$mICONOG$sCT. 16776 A.$x1
971 ## $cCaticonografia9$d20260120
995 ## $aPRR2026 $d20260120$iCaticonografia9

OpendataBNP@bnportugal.pt | Mais informação sobre acesso aos dados BNP